| 000 | 00792nas a2200253 4500 | ||
|---|---|---|---|
| 001 | BR0806786 | ||
| 003 | BR-BrBNA | ||
| 005 | 20231205112157.0 | ||
| 007 | ta | ||
| 008 | 230509b bl.|||p| |||| 00| 00por d | ||
| 040 |
_aBR-BrBNA _bpor _cBiblioteca Nacional de Agricultura |
||
| 041 | _a(Pt) | ||
| 072 | _aQ02; Q54 | ||
| 100 | 1 | _aShmidt, C.A.P. | |
| 100 | 1 | _aMiglioranza, E. | |
| 100 | 1 | _aPrudêncio, S.H. | |
| 245 | 1 | _aInteração da torra e moagem do café na preferência do consumidor do oeste paranaense | |
| 650 | _aCAFÉ | ||
| 650 | _aBEBIDA NÃO ALCÓOLICA | ||
| 650 | _aPROPRIEDADE FÍSICO-QUÍMICA | ||
| 773 | 0 |
_tCiência Rural (Brazil) _xISSN 0103-8478 _g(Jul 2008), v. 38(4) p. 1111-1117 _wBR0806786 |
|
| 909 |
_a202311 _bLúcia _c55 _dLúcia Elande |
||
| 942 |
_2AGRIS _n0 _cANA |
||
| 999 |
_c196541 _d196541 |
||